000 00451cam a22001217a 4500
008 180718b-- xxu||||| |||| 00| 0 eng d
082 _aXA94068x5452 W892/C
100 _aIndia. Ministry of Labour and Employment. Labour Bureau
245 _aWorking class family income and expenditure survey, Coimbatore
260 _aDelhi
_bThe Controller of Publications
_c--
500 _aLibrary has 1999/2000
650 _aHouseholds - India - Tamil Nadu - Coimbatore
999 _c484453
_d484453